Statistiques concernant Quiz PSG

Cliquez ici pour prendre le quiz!

Statistiques générales

  • Ce quiz a été pris 152 fois
  • Le résultat moyen est 8 sur 11

Statistiques - réponses

QuestionRéponse% Correct
Quel est le nom de cet homme nommé en 2011 Président-directeur général du Paris Saint-Germain ?Nasser al-Khelaïfi
95%
De quelle année date la création du Paris Saint-Germain Football Club ?1970
90%
Lequel de ces joueurs a marqué exactement 200 buts lors de sa carrière au PSG ?Edinson Cavani
85%
Quelle chaîne de télévision a été pendant plusieurs années propriétaire du PSG ?Canal+
83%
En quelle année, le PSG est-il vendu à une société du Qatar ?2011
82%
Sur les anciens logos du PSG, que trouvait-on sous la Tour Eiffel ?Un berceau
81%
uelle est la capacité en nombre de spectateurs du parc des Princes pour un match de Ligue 1 ?47 929
71%
En quelle année, le PSG remporte-t-il son premier titre en Ligue 1 ?1986
63%
Quel animal est l’emblème du club de foot le PSG ?Un lynx
62%
En 2001, sous quel numéro jouait Ronaldinho au PSG ?21
43%
Quel est le montant déboursé par le PSG pour la saison 2021-2022 pour s'offrir Lionel Messi ?80 millions d'euros
17%

Distribution des résultats

Percentile par nombre de réponses

% des personnes avec chaque résultat

Votre développement - résultats

Vous n’avez pas pris ce quiz